Jozef Matulník a kol.: Analýza sociálnych a zdravotných dôsledkov zmien demografického správania na Slovensku

Bibliographic Details
Main Author: Gajdoš, Peter, 1950-2021 (Author)
Format: Article
Language:Slovak
ISSN:0049-1225
Subjects:

MARC

LEADER 00000nab a2200000 a 4500
001 vtls009151881
003 SK-MaSNL
005 20260426085603.0
008 250507c2007 xo zr|p|||||||000 b|slo
015 |a SNBRB2007/10  |2 snkbucl 
035 |a (uuid)1999072f-7e79-43f2-8411-719974c65d00 
035 |a urn:nbn:sk:snk-ab2bn8 
035 |a (urnnbn)urn:nbn:sk:snk:ar-a0234y 
038 |a SNKBUCL 
040 |a SNKBUCL  |b slo  |c SNKBUCL  |e AACR2 
041 0 |a slo 
044 |a xo  |c SK 
080 |a 314  |x (437.6)  |2 2001 
080 |a 316  |x (437.6)  |2 2001 
100 1 |a Gajdoš, Peter,  |d 1950-2021  |4 aut  |9 218141 
245 1 0 |a Jozef Matulník a kol.: Analýza sociálnych a zdravotných dôsledkov zmien demografického správania na Slovensku  |c Peter Gajdoš 
500 |a Na dokumente je uvedené aj ISSN 1336-8613 
650 0 7 |a demografické správanie  |2 snkbucl  |9 363277 
650 0 7 |a sociálna zmena  |2 snkbucl  |9 3614 
650 0 7 |a zdravotné zmeny  |2 snkbucl  |9 1483441 
651 7 |a Slovensko  |2 snkbucl  |9 14231 
655 7 |a recenzie  |2 snkbucl  |9 21907 
773 0 |t Sociológia  |g Roč. 39, č. 4 (2007), s. 375-380  |x 0049-1225 
787 0 8 |i Rec.:  |a Matulník, Jozef  |t Analýza sociálnych a zdavotných dôsledkov zmien demografického správania na Slovensku  |d Trnava : Filozofická fakulta TU, 2006  |z 8080820511 
850 |a Slovenská národná knižnica 
852 |a Slovenská národná knižnica 
954 |a odborná, vedecká literatúra pôvodná (slovenská)  |2 lita 
958 |a article27 
958 |a SK 
958 |a OND 
958 |a EUIPO 
999 |c 2967813  |d 2969743